000 00525nam a2200169 4500
001 127736
003 ES-MaACL
005 20230906193056.0
007 t|
008 070214s1968 cl r ||||1| spa d
100 1 _aRivacoba y Rivacoba, Manuel de.
_997535
245 1 0 _aDivisión y fuentes del Derecho Positivo /
_cManuel de Rivacoba y Rivacoba.
260 _aValparaíso :
_bUniversidad de Chile,
_c1968.
300 _a223 p. ;
_c22 cm.
710 2 _aUniversidad de Chile.
_97162
852 _aES-MaACL
_jC-36776
_bR.71028
999 _c127736
_d127736